Kisah-Kisah Ajaib : orang-orang yang makbul doanya
| Main Author: | |
|---|---|
| Format: | Book |
| Published: |
Kuala Lumpur :
Darul Nu'man ,
1995
|
| Subjects: |
MARC
| LEADER | 00000cam a2200000 7i4500 | ||
|---|---|---|---|
| 001 | 0000008907 | ||
| 002 | 000009707 | ||
| 005 | 20030609.0 | ||
| 020 | |a 9839017977 | ||
| 090 | 0 | 0 | |a 297 |b KIS |
| 100 | 0 | |a Shahrin Nasution |f Drs | |
| 245 | 0 | 0 | |a Kisah-Kisah Ajaib : |b orang-orang yang makbul doanya |c susunan Drs.Shahrin Nasution |
| 260 | |a Kuala Lumpur : |b Darul Nu'man , |c 1995 | ||
| 300 | |a 221p. ; |c 18cm. | ||
| 650 | 0 | 0 | |a Islamic stories |
| 999 | |a 046340 |b BUKU |c PINJAMAN |e PERPUSTAKAAN KOMUNITI PETALING JAYA | ||